Statistics for Words with a Silent K

Click here to take the quiz!

General Stats

  • This quiz has been taken 50,437 times
    (19,453 since last reset)
  • The average score is 10 of 14

Answer Stats

DefinitionWord% Correct
Warrior of the Middle AgesKnight
97%
To loop yarn together with needlesKnit
90%
Shiv or dagger, for exampleKnife
89%
To sit on one's kneesKneel
88%
Women's underpants (British)Knickers
83%
Finger jointKnuckle
83%
To use the above to press doughKnead
81%
Door openerKnob
71%
BackpackKnapsack
67%
Small rounded hillKnoll
62%
Tired (British)Knackered
61%
Roguish person, or the Jack in a deck of cardsKnave
51%
Biblical term for sex, “Adam ___ Eve his wife”Knew
45%
The sound of a bell tollingKnell
34%

Score Distribution

Percentile by Number Answered

Percent of People with Each Score

Your Score History

You have not taken this quiz since the last reset